000 00874nas a2200289 4500
001 BR0202221
003 BR-BrBNA
005 20231205102925.0
007 ta
008 230509b bl.|||p| |||| 00| 00por d
040 _aBR-BrBNA
_bpor
_cBiblioteca Nacional de Agricultura
041 _a(Pt)
072 _aH20
100 1 _aGiampan, J.S.
100 1 _aRezende, J.A.M.
245 1 _aTransmissibilidade por afídeos e reação de diversas espécies vegetais às estirpes fracas premunizantes do PRSV-W
650 _aABÓBORA
650 _aCUCURBITACEAE
650 _aAFÍDEO
650 _aESTIRPE
650 _aELISA
650 _aMOSAICO
650 _aTRANSMISSÃO DE DOENÇA
773 0 _tSumma Phytopathologica (Brazil)
_xISSN 0100-5405
_g(Jul-Sep 2001), v. 27(3) p. 279-283
_wBR0202221
909 _a202311
_bLúcia
_c55
_dLúcia Elande
942 _2AGRIS
_n0
_cANA
999 _c170088
_d170088